000 02006cam a22005177a 4500
999 _c8133
_d8133
001 14014598
003 OSt
005 20230412103806.0
008 050624s2004 sz ab b i001 0 eng d
010 _a 2005421734
015 _aGBA503429
_2bnb
016 7 _a013035793
_2Uk
020 _z9241562768
035 _a(OCoLC)ocm56760964
040 _aOS2
_cOS2
_dCOU
_dOCLCQ
_dBOS
_dCUS
_dUKM
_dMUQ
_dOCL
_dDLC
042 _alccopycat
050 0 0 _aRC683
_b.M23 2004
082 0 4 _aWG 210M34a 2004.
_222
100 1 _aMackay, Judith.
_916610
245 1 4 _aThe atlas of heart disease and stroke /
_cJudith McKay and George A. Mensah with Shanthi Mendis and Kurt Greenlund.
260 _aGeneva :
_bWorld Health Organization,
_c[2004]
300 _a112 p. :
_bcol. ill., col. maps ;
_c25 cm.
504 _aIncludes bibliographical references and index.
530 _aAlso available via the World Wide Web.
650 0 _aHeart
_xDiseases
_vAtlases.
_916611
650 0 _aCerebrovascular disease
_vAtlases.
_916612
650 0 _aCardiology
_vAtlases.
_916613
650 1 2 _aHeart Diseases
_vAtlases.
_916614
650 1 2 _aHeart Diseases
_xepidemiology
_vAtlases.
_916615
650 2 _aCerebrovascular Accident
_vAtlases.
_916616
650 1 2 _aCerebrovascular Accident
_xepidemiology
_vAtlases.
_916617
650 2 2 _aRisk Factors.
_93037
650 2 2 _aWorld Health.
_99973
650 2 2 _aHealth Promotion.
_92077
650 6 _aCœur
_xMaladies
_vAtlas.
_916618
650 6 _aAccidents vasculaires cérébraux
_vAtlas.
_916619
650 6 _aCardiologie
_vAtlas.
_916620
700 1 _aMensah, George A.
_916621
700 1 _aMendis, Shanthi.
_916622
700 1 _aGreenlund, Kurt.
_916623
710 2 _aWorld Health Organization.
_91808
856 4 1 _uhttp://www.who.int/cardiovascular%5Fdiseases/resources/atlas/en/
_zConnect to free full text online.
906 _a7
_bcbc
_ccopycat
_d2
_encip
_f20
_gy-gencatlg
942 _2z
_cO_SHELF